Concours Assistant médico-administratif 2025-2026 : Tout-en-un (notice n° 1792000)
[ vue normale ]
| 000 -LEADER | |
|---|---|
| fixed length control field | 01587cam a2200145 4500500 |
| 005 - DATE AND TIME OF LATEST TRANSACTION | |
| control field | 20260329000025.0 |
| 041 ## - LANGUAGE CODE | |
| Language code of text/sound track or separate title | fre |
| 042 ## - AUTHENTICATION CODE | |
| Authentication code | dc |
| 100 10 - MAIN ENTRY--PERSONAL NAME | |
| Personal name | Poppe, Clothilde |
| Relator term | author |
| 245 00 - TITLE STATEMENT | |
| Title | Concours Assistant médico-administratif 2025-2026 : Tout-en-un |
| 260 ## - PUBLICATION, DISTRIBUTION, ETC. | |
| Name of publisher, distributor, etc. | Dunod,<br/> |
| Date of publication, distribution, etc. | 2025.<br/> |
| 520 ## - SUMMARY, ETC. | |
| Summary, etc. | Cet ouvrage propose une préparation complète aux épreuves du concours d’assistant médico-administratif - branche secrétariat médical (concours externe et interne - Catégorie B).Toutes les épreuves:Cas pratique avec mise en situation à partir d’un dossier traitant d’une problématique sur le traitement et la coordination des opérations et des informations médico-administratives.Questions à réponse courte (QRC) portant sur l’organisation du système de santé et les droits des malades.Entretien avec le jury.La préparation pas à pas pour réussir:Les infos utiles: tout ce qu’il faut savoir de l’inscription au jour J.Le programme de révision: un planning pour s’organiser selon les différentes épreuves.Les connaissances: tout le cours à maîtriser sous forme de fiches synthétiques.Les bonnes méthodes: toute la méthodologie et les conseils pour progresser.Les entraînements: des QCM, exercices et 7 sujets d’annales corrigés pour s’évaluer.Les PLUS offerts: des schémas, mots croisés et documents professionnels à télécharger sur dunod.com. |
| 700 10 - ADDED ENTRY--PERSONAL NAME | |
| Personal name | Daigneau, Martine |
| Relator term | author |
| 856 41 - ELECTRONIC LOCATION AND ACCESS | |
| Uniform Resource Identifier | <a href="https://droit.cairn.info/concours-assistant-medico-administratif-2025-2026--9782100879793?lang=fr&redirect-ssocas=7080">https://droit.cairn.info/concours-assistant-medico-administratif-2025-2026--9782100879793?lang=fr&redirect-ssocas=7080</a> |
Pas d'exemplaire disponible.




Réseaux sociaux